000
00235 a2200097 4500
001
54799
100
_a
Daubechies, Ingrid
245
_a
Ten Lectures on Wavelets
260
_a
Pennsylvania
_b
Siam
_c
1992
090
_c
33990
_d
33990
942
_a
NUST-CAE
_c
MONOGRAPH
_c
26658
999
_c
289872
_d
289872